[Event "Chess.com Classic Div 2 W"]
[Site "chess.com INT"]
[Date "2024.05.14"]
[Round "5.5"]
[White "So, Wesley"]
[Black "Vachier-Lagrave, Maxime"]
[Result "1-0"]
[WhiteTitle "GM"]
[BlackTitle "GM"]
[WhiteElo "2757"]
[BlackElo "2732"]
[WhiteFideId "5202213"]
[BlackFideId "623539"]
[EventDate "2024.05.10"]
[EventType "k.o."]

1. d4 Nf6 2. c4 e6 3. Nc3 d5 4. cxd5 exd5 5. Bg5 c6 6. e3 Be7 7. Bd3 h6 8. Bf4
O-O 9. h3 Bd6 10. Bxd6 Qxd6 11. Nf3 Re8 12. O-O Nbd7 13. Rb1 Ne4 14. Bxe4 dxe4
15. Nd2 Qg6 16. Kh2 Nb6 17. Qc2 Bf5 18. b4 Qd6+ 19. Kh1 Qe6 20. Kh2 Qd6+ 21. Kg1
Qg6 22. Ne2 Nd5 23. Kh2 Qd6+ 24. Ng3 Bh7 25. b5 h5 26. Qc5 Qc7 27. bxc6 bxc6 28.
Kh1 Nxe3 29. fxe3 Qxg3 30. Qxh5 Bg6 31. Qe2 Rab8 32. Nc4 f6 33. Na5 Qc7 34. Nb3
Bf7 35. Nc5 Rxb1 36. Rxb1 Rb8 37. Rf1 Qe7 38. Qg4 Bd5 39. Nd7 Be6 40. Qg3 Qxd7
41. Qxb8+ Kh7 42. a4 Bc4 43. Rc1 Bd3 44. a5 Qf5 45. Qg3 Qxa5 46. Qh4+ Kg6 47.
Rxc6 a6 48. Kh2 Qf5 49. Qg3+ Kh6 50. Rc5 1-0

[Event "Chess.com Classic Div 2 W"]
[Site "chess.com INT"]
[Date "2024.05.14"]
[Round "6.1"]
[White "So, Wesley"]
[Black "Vachier-Lagrave, Maxime"]
[Result "0-1"]
[WhiteTitle "GM"]
[BlackTitle "GM"]
[WhiteElo "2757"]
[BlackElo "2732"]
[WhiteFideId "5202213"]
[BlackFideId "623539"]
[EventDate "2024.05.10"]
[EventType "k.o."]

1. d4 Nf6 2. c4 g6 3. Nc3 d5 4. Nf3 Bg7 5. h4 dxc4 6. e4 c5 7. d5 b5 8. h5 Nxh5
9. Nxb5 O-O 10. Bxc4 Bg4 11. Be2 Nd7 12. Qc2 Qb8 13. Rh4 Nhf6 14. Be3 h5 15. Nc3
c4 16. Nd4 Ne5 17. f3 Bd7 18. O-O-O Rc8 19. Kb1 Qb4 20. a3 Qa5 21. Ka2 Rab8 22.
Bf4 Ne8 23. Nc6 Bxc6 24. dxc6 Nxc6 25. Ka1 Rb3 26. Bxc4 Rxc3 27. bxc3 Qxa3+ 28.
Kb1 Ne5 29. Ba2 Nd6 30. Bc1 Qa5 31. Rd5 Nb5 32. Bb2 e6 33. Rd2 Nxc3+ 34. Bxc3
Rxc3 35. Qb2 Nc4 0-1

[Event "Chess.com Classic Div 2 W"]
[Site "chess.com INT"]
[Date "2024.05.14"]
[Round "6.2"]
[White "Vachier-Lagrave, Maxime"]
[Black "So, Wesley"]
[Result "1-0"]
[WhiteTitle "GM"]
[BlackTitle "GM"]
[WhiteElo "2732"]
[BlackElo "2757"]
[WhiteFideId "623539"]
[BlackFideId "5202213"]
[EventDate "2024.05.10"]
[EventType "k.o."]

1. e4 c5 2. Nf3 d6 3. d4 cxd4 4. Nxd4 Nf6 5. Nc3 a6 6. Bg5 e6 7. f4 Be7 8. Qf3
Qc7 9. O-O-O Nbd7 10. g4 h6 11. Bxf6 Bxf6 12. h4 Nb6 13. g5 Bxd4 14. Rxd4 Qc5
15. Rd2 Bd7 16. Kb1 O-O-O 17. Bd3 hxg5 18. hxg5 Rxh1+ 19. Qxh1 Qe3 20. Rd1 Bc6
21. Qh7 Qxf4 22. Qxg7 Be8 23. Rf1 Qe5 24. Qxe5 dxe5 25. Kc1 Kd7 26. Nd1 Ke7 27.
Ne3 Bc6 28. Ng4 Nd7 29. Nh6 Rf8 30. Kd2 Nc5 31. Ke3 Be8 32. Be2 Bc6 33. Bh5 Nxe4
34. Rxf7+ Rxf7 35. Nxf7 Ng3 36. Bg6 e4 37. Ne5 Nf5+ 38. Bxf5 exf5 39. Nxc6+ bxc6
40. b4 Ke6 41. Kf4 1-0